|
|
|
|
| LEADER |
01631nam a2200409 i 4500 |
| 001 |
EBC5217629 |
| 003 |
MiAaPQ |
| 005 |
20191226075127.0 |
| 006 |
m o d | |
| 007 |
cr cnu|||||||| |
| 008 |
191226s2017 ph o 001 0 eng d |
| 020 |
|
|
|z 9789292579739
|
| 020 |
|
|
|a 9789292579746 (e-book)
|
| 035 |
|
|
|a (MiAaPQ)EBC5217629
|
| 035 |
|
|
|a (Au-PeEL)EBL5217629
|
| 035 |
|
|
|a (CaPaEBR)ebr11497445
|
| 035 |
|
|
|a (OCoLC)1020031370
|
| 040 |
|
|
|a MiAaPQ
|b eng
|e rda
|e pn
|c MiAaPQ
|d MiAaPQ
|
| 043 |
|
|
|a a-ce---
|
| 050 |
|
4 |
|a HC424
|b .S65 2017
|
| 082 |
0 |
|
|a 338.95493
|2 23
|
| 245 |
0 |
4 |
|a The Sri Lankan economy :
|b charting a new course /
|c edited by Prema-chandra Athukorala [and three others].
|
| 264 |
|
1 |
|a Metro Manila, Philippines :
|b Asian Development Bank,
|c [2017]
|
| 264 |
|
4 |
|c 2017
|
| 300 |
|
|
|a 1 online resource (357 pages)
|
| 336 |
|
|
|a text
|b txt
|2 rdacontent
|
| 337 |
|
|
|a computer
|b c
|2 rdamedia
|
| 338 |
|
|
|a online resource
|b cr
|2 rdacarrier
|
| 500 |
|
|
|a Includes index.
|
| 588 |
|
|
|a Description based on print version record.
|
| 590 |
|
|
|a Electronic reproduction. Ann Arbor, MI : ProQuest, 2018. Available via World Wide Web. Access may be limited to ProQuest affiliated libraries.
|
| 651 |
|
0 |
|a Sri Lanka
|x Economic policy.
|
| 655 |
|
4 |
|a Electronic books.
|
| 700 |
1 |
|
|a Athukorala, Prema-chandra,
|e editor.
|
| 776 |
0 |
8 |
|i Print version:
|t Sri Lankan economy : charting a new course.
|d Metro Manila, Philippines : Asian Development Bank, c2017
|h 357 pages
|z 9789292579739
|
| 797 |
2 |
|
|a ProQuest (Firm)
|
| 856 |
4 |
0 |
|u https://ebookcentral.proquest.com/lib/matrademy/detail.action?docID=5217629
|z Click to View
|